Public administration : (Record no. 67)
[ view plain ]
| 000 -LEADER | |
|---|---|
| fixed length control field | 00903nam a2200265 a 4500 |
| 001 - CONTROL NUMBER | |
| control field | 67 |
| 003 - CONTROL NUMBER IDENTIFIER | |
| rucl marc code | BD-RjUL |
| 005 - DATE AND TIME OF LATEST TRANSACTION | |
| control field | 20211208233114.0 |
| 008 - FIXED-LENGTH DATA ELEMENTS--GENERAL INFORMATION | |
| fixed length control field | 150128r20132006ii 001 0 eng d |
| 020 ## - INTERNATIONAL STANDARD BOOK NUMBER | |
| International Standard Book Number | 0195679024 |
| 035 ## - SYSTEM CONTROL NUMBER | |
| System control number | (BD-RjUL) |
| 040 ## - CATALOGING SOURCE | |
| Original cataloging agency | BD-RjUL |
| Language of cataloging | eng |
| Transcribing agency | BD-RjUL |
| 041 ## - LANGUAGE CODE | |
| Language code of text/sound track or separate title | eng |
| 082 ## - DEWEY DECIMAL CLASSIFICATION NUMBER | |
| Edition number | 22 |
| Classification number | 351.54 |
| Author mark and year | PUB 2013 |
| 245 00 - TITLE STATEMENT | |
| Title | Public administration : |
| Remainder of title | a reader / |
| Statement of responsibility, etc. | edited by Bidyut Chakrabarty, Mohit Bhattacharya. |
| 260 ## - PUBLICATION, DISTRIBUTION, ETC. (IMPRINT) | |
| Place of publication, distribution, etc. | Delhi ; |
| -- | Oxford : |
| Name of publisher, distributor, etc. | Oxford University Press, |
| Date of publication, distribution, etc. | 2006 [Impression 2013] |
| 300 ## - PHYSICAL DESCRIPTION | |
| Pagination | xxvii, 429 p. : |
| Size | 22 cm. |
| 500 ## - GENERAL NOTE | |
| General note | Originally published: Delhi ; Oxford : Oxford University Press, 2003. |
| 504 ## - BIBLIOGRAPHY, ETC. NOTE | |
| Bibliography, etc | Includes bibliographical references. |
| 650 #0 - SUBJECT ADDED ENTRY--TOPICAL TERM | |
| Topical term or geographic name as entry element | Public administration. |
| Geographic subdivision | India |
| 9 (RLIN) | 115501 |
| 700 1# - ADDED ENTRY--PERSONAL NAME | |
| Personal name | Chakrabarty, Bidyut, |
| Dates associated with a name | 1958- |
| Personal name | Bhattacharya, Mohit. |
| 830 #0 - SERIES ADDED ENTRY--UNIFORM TITLE | |
| Uniform title | Oxford India paperbacks |
| 942 ## - ADDED ENTRY ELEMENTS (KOHA) | |
| Source of classification or shelving scheme | Dewey Decimal Classification |
| Koha item type | Books |
| Lost status | Source of classification or shelving scheme | Damaged status | Not for loan | Permanent Location | Current Location | Shelving location | Date acquired | Source of acquisition | Cost, normal purchase price | Total Checkouts | Full call number | Date last seen | Copy number | Koha item type | Collection code |
|---|---|---|---|---|---|---|---|---|---|---|---|---|---|---|---|
| Dewey Decimal Classification | Not For Loan | Central Library, University of Rajshahi | Central Library, University of Rajshahi | Reading Room | 23/07/2014 | Baatighar, Chittagong | 807.50 | 351.54 PUB 2013 | 28/01/2015 | C-1 | Books | ||||
| Dewey Decimal Classification | Central Library, University of Rajshahi | Central Library, University of Rajshahi | 23/07/2014 | Baatighar, Chittagong | 807.50 | 351.54 PUB 2013 | 28/01/2015 | C-2 | Books | ||||||
| Dewey Decimal Classification | Central Library, University of Rajshahi | Central Library, University of Rajshahi | 20/09/2010 | Paragon Enterprises Dhaka | 345.00 | 351.54 PUB 2007 | 22/12/2016 | C-3 | Books | Non-fiction |